Statistics for The Body in Spanish Vocabulary Words

Click here to take the quiz!

General Stats

  • This quiz has been taken 28,193 times
    (28,190 since last reset)
  • The average score is 15 of 28

Answer Stats

English Español % Correct
footpie
87%
handmano
86%
eyeojo
82%
headcabeza
78%
mouthboca
77%
haircabello
76%
heartcorazón
74%
armbrazo
68%
nosenariz
67%
stomachestómago
64%
facecara
64%
fingerdedo
62%
legpierna
59%
teethdientes
58%
bloodsangre
56%
skinpiel
52%
backespalda
49%
earoreja
49%
tonguelengua
48%
beardbarba
42%
braincerebro
38%
shoulderhombro
38%
lungpulmón
31%
mustachebigote
30%
toededo del pie
28%
veinsvenas
27%
kidneyriñón
21%
liverhígado
20%

Score Distribution

Percentile by Number Answered

Percent of People with Each Score

Your Score History

You have not taken this quiz since the last reset